Átadták a traumatológiai klinika új részlegét [Kép]

Elmentve itt :
Bibliográfiai részletek
Dokumentumtípus: Cikk
Megjelent: 2009-02-06
Sorozat:Délmagyarország 99 No. 31
Kulcsszavak:Szeged, Egészségügy orvosi ügyelet traumatológia, Egészségügyi intézmények Új klinika
Online Access:http://dmarchiv.bibl.u-szeged.hu/141271
LEADER 00510nab a2200145 i 4500
001 delm141271
005 20200211085238.0
008 200211s2009 hu o 0|| hun d
040 |a SZTE Délmagyarország Archívum  |b hun 
041 |a hun 
245 0 0 |a Átadták a traumatológiai klinika új részlegét [Kép]  |h [elektronikus dokumentum] 
260 |c 2009-02-06 
300 |a 5 
490 0 |a Délmagyarország  |v 99 No. 31 
695 |a Szeged, Egészségügy orvosi ügyelet traumatológia, Egészségügyi intézmények Új klinika